|
|
|
|
| LEADER |
00000cam a22000004a 4500 |
| 001 |
musev2_9996 |
| 003 |
MdBmJHUP |
| 005 |
20230905041137.0 |
| 006 |
m o d |
| 007 |
cr||||||||nn|n |
| 008 |
070402s2007 msu o 00 0 eng d |
| 010 |
|
|
|z 2007013714
|
| 020 |
|
|
|a 9781604733136
|
| 020 |
|
|
|z 9781934110102
|
| 020 |
|
|
|z 1934110108
|
| 020 |
|
|
|z 1604733136
|
| 035 |
|
|
|a (OCoLC)317400070
|
| 040 |
|
|
|a MdBmJHUP
|c MdBmJHUP
|
| 043 |
|
|
|a n-us-ca
|a n-usp--
|a n-us---
|
| 050 |
0 |
4 |
|a E185.93.C2
|b C385 2007
|
| 082 |
0 |
|
|a 070.92
|a B
|2 22
|
| 100 |
1 |
|
|a Carter, Jennie,
|d 1830 or 31-1881.
|
| 245 |
1 |
0 |
|a Jennie Carter :
|b A Black Journalist of the Early West /
|c edited by Eric Gardner.
|
| 250 |
|
|
|a 1st ed.
|
| 264 |
|
1 |
|a Jackson :
|b University Press of Mississippi,
|c 2007.
|
| 264 |
|
3 |
|a Baltimore, Md. :
|b Project MUSE,
|c 2012
|
| 264 |
|
4 |
|c ©2007.
|
| 300 |
|
|
|a 1 online resource.
|
| 336 |
|
|
|a text
|b txt
|2 rdacontent
|
| 337 |
|
|
|a computer
|b c
|2 rdamedia
|
| 338 |
|
|
|a online resource
|b cr
|2 rdacarrier
|
| 500 |
|
|
|a Consists mainly of Carter's contributions to the San Francisco Elevator and the Philadelphia-based Christian recorder, from 1867 to 1881.
|
| 504 |
|
|
|a Includes bibliographical references (p. 139-144) and index.
|
| 588 |
|
|
|a Description based on print version record.
|
| 650 |
|
0 |
|a African American women journalists
|z California
|z Nevada County
|v Correspondence.
|
| 650 |
|
0 |
|a African Americans
|z West (U.S.)
|x Social conditions
|y 19th century.
|
| 650 |
|
0 |
|a African Americans
|z California
|x Social conditions
|y 19th century.
|
| 651 |
|
0 |
|a Nevada County (Calif.)
|v Biography.
|
| 651 |
|
0 |
|a United States
|x Race relations
|x History
|y 19th century.
|
| 651 |
|
0 |
|a United States
|x Politics and government
|y 1865-1877.
|
| 651 |
|
0 |
|a California
|x Politics and government
|y 1850-1950.
|
| 651 |
|
0 |
|a West (U.S.)
|x Race relations
|x History
|y 19th century.
|
| 651 |
|
0 |
|a West (U.S.)
|x Social conditions
|y 19th century.
|
| 600 |
1 |
0 |
|a Carter, Jennie,
|d 1830 or 31-1881
|v Correspondence.
|
| 655 |
|
7 |
|a Electronic books.
|2 local
|
| 700 |
1 |
|
|a Gardner, Eric.
|
| 730 |
0 |
|
|a Christian recorder.
|
| 730 |
0 |
|
|a Elevator (San Francisco, Calif.)
|
| 710 |
2 |
|
|a Project Muse.
|e distributor
|
| 830 |
|
0 |
|a Book collections on Project MUSE.
|
| 856 |
4 |
0 |
|z Texto completo
|u https://projectmuse.uam.elogim.com/book/9996/
|
| 945 |
|
|
|a Project MUSE - Custom Collection
|
| 945 |
|
|
|a Project MUSE - Archive Complete Foundation
|
| 945 |
|
|
|a Project MUSE - Archive US Regional Studies, West Foundation
|